000 00955nam a22002177a 4500
005 20171129122830.0
010 _aUR-9877
020 6 _c210.00
035 _aU-8432
037 _bDBAD/PUB
082 _a330.270
100 _aمو لا نا سید ا بو ا لا علی مو د و و ی
245 _aمعا شیا ت ا سلا م
_cمو لا نا سید ا بو ا لا علی مو د و و ی
246 _b
_aMashiat-e-Islam
250 _aby Moulana Sayyid Abul Ala Moudoodi
260 _a نئی د لی
_bMerkazi Maktaba Islami Publishers
_c2013
270 _aD307,Dawat Nagar,Abul Fazal Enclave,Jamia Nagar ,
_b New Delhi
_e110025
_k01126971652
_l-
300 _a436ص
_c22 Cm.(B.b)
500 _aدو حصہ
942 _2ddc
_cUR
_h330.270
_mس ی د
_e
999 _c147102
_d147102